000 00650nam a22002177a 4500
003 KOHA_MİRAKIL
005 20260406111646.0
008 260406b tu ||||| |||| 00| 0 tur d
020 _a9786059127370
040 _aTR-AnABB
_btur
_cTR-AnABB
041 _atur
082 _a818.4209
_bOZE 2015
100 1 _aÖzer, Ahmet
245 1 0 _aSesime ses verenler /
_cAhmet Özer
260 _aAnkara :
_bPanama Yayıncılık,
_c2015
300 _a290 sayfa ;
_c20 cm
500 _aYazar imzalı
500 _aProf. Dr. Ruşen Keleş'in okuma notları yer almaktadır.
650 0 4 _aTürk edebiyatı, çeşitli eserler
942 _2ddc
_cBK
999 _c10165
_d10165
900 _bCan ÇELIK